Statistics for Which City? #Africa

Click here to take the quiz!

General Stats

  • This quiz has been taken 12 times
  • The average score is 9 of 16

Answer Stats

Answer% Correct
Cape Town
100%
Algiers
70%
Asmara
70%
Dakar
70%
Tripoli
70%
Accra
60%
Marrakesh
60%
Windhoek
60%
Brazzaville
50%
Maputo
50%
Libreville
40%
Lusaka
40%
Monrovia
40%
Abidjan
30%
Harare
30%
Mogadishu
30%

Score Distribution

Percentile by Number Answered

Percent of People with Each Score

Your Score History

You have not taken this quiz